01202 a2200169 45000010006000000050017000060080041000230030015000640400040000790800052001192450053001710200018002242640032002423000019002745050712002931000027010053803220260407155645.0260407a1985 arg spa dAR-UNSa-BCEJYS aAR-UNSa-BCEJYSbspacAR-UNSa-BCEJYS a911.3:33(82)xGeografía económica argentina10aCompendio de geografía económica y argentina a950-568-010-4 1aBuenos Aires :bERGONc1985 a376 p.c26 cm. a1. La realidad socioeconomica mundial - 2. La geografía económica y sus principios fundamentales - 3. Factores naturales indirectos - 4. Recursos naturales - 5. Estadistica demográfica - 6. Dinámica demográfica - 7. Instrumental de producción - 8. La energía - 9. Transporte y comunicaciones - 10. Acumulación y conservación de bienes - 11. Aspectos económicos de la agricultura - 12. Cereales - 13. Oleaginosas - 14. Fibras textiles - 15. Plantas sacariferas - 16. Plantas estimulantes - 17. Hortalizas, legumbres y frutales - 18. Ganadería - 19. Avicultura - 20. Fauna terrestre y riqueza del mar - 21. Recursos forestales - 22. Explotación forestal - 23. La minería en general.1 aCarlevari, Isidro J.F.